Thiền luận : Quyển thượng

Spremljeno u:
Bibliografski detalji
Glavni autor: Suzuki, Daisetzteitaro
Format: Knjiga
Jezik:Undetermined
Izdano: Thành phố Hồ Chí Minh Nhà xuất bản Thành phố Hồ Chí Minh 2001
Teme:
Oznake: Dodaj oznaku
Bez oznaka, Budi prvi tko označuje ovaj zapis!
Thư viện lưu trữ: Trung tâm Học liệu Trường Đại học Cần Thơ
LEADER 00630nam a2200205Ia 4500
001 CTU_95522
008 210402s9999 xx 000 0 und d
020 |c 42000 
082 |a 294.3927 
082 |b S968 
100 |a Suzuki, Daisetzteitaro 
245 0 |a Thiền luận : 
245 0 |b Quyển thượng 
245 0 |c Daisetzteitaro Suzuki; Trúc Thiên dịch 
260 |a Thành phố Hồ Chí Minh 
260 |b Nhà xuất bản Thành phố Hồ Chí Minh 
260 |c 2001 
650 |a Zen buddhism 
904 |i Mai Loan,Hải 
980 |a Trung tâm Học liệu Trường Đại học Cần Thơ